Lanean...
Nilam poothu malarnna nal /
| Egile nagusia: | |
|---|---|
| Formatua: | Printed Book |
| Hizkuntza: | English |
| Argitaratua: |
Kottayam:
D.C.Books,
c2015.
|
| Gaiak: |
| LEADER | 00518 a2200157 4500 | ||
|---|---|---|---|
| 008 | 150103s9999 000 0 eng | ||
| 020 | |a 9788126464043 | ||
| 082 | |a 813 | ||
| 100 | |a Manoj Kuroor | ||
| 245 | |a Nilam poothu malarnna nal / | ||
| 260 | |a Kottayam: |b D.C.Books, |c c2015. | ||
| 300 | |a 215 p. | ||
| 650 | |a Malayalam fiction | ||
| 942 | |c BK | ||
| 999 | |c 308601 |d 308601 | ||
| 952 | |0 0 |1 0 |2 ddc |4 0 |6 813_000000000000000_MAN_NI |7 0 |9 354163 |a DRA |b DRA |c ST1 |d 2018-01-17 |i 10222 |l 0 |o 813 MAN/NI |p DRA10222 |r 2019-01-03 |v 195.00 |w 2019-01-03 |y BK | ||